1277 1430 1169 1758 1995 1536 1817 1583 1377 1594 1752 1660 1502 1705 1667 1227 1338 1674 1337 1113 1545 1215 1728 1437 1921 1521 1705 1506 1369 1726 1563 1981 1609 1408 1086 1278 1169 1993 1291 1001 1460 1884 1704 1372 1601 1109 1049 1064 1745 1606 1993 1462 1377 1059 1885 1880 1584 1510 1153 1361 1981 1919 1561 1689 1455 1137 1178 1611 1054 1224 1732 1283 1868 1604 1676 1776 1437 1686 1678 1304 1670 1581 1041 1404 1862 1034 1732 1909 1111 1620 1478 1443 1090 1914 1504 1901 1659 1021 1673 BCNSPRNW ULIB Ver.6.0+V

เปลี่ยนเป็นภาษาไทย

Change to English
 แสดงรายละเอียดบรรณานุกรม
  กลับหน้าหลัก

Brief Record : Get Marc (ISO 2709) : E-mail record : QR code < ปิดหน้าต่าง
LEADER : 00000nam 2200000uu 4500
001    13399127177
003     ULIB
008    191019s2018||||th 000 0 tha d
020    ^a9781506237381 (pbk.)
050  4 ^aPE1128^bF773
245 00 ^a4 Practice tests for the TOEFL, 2019-2020 /^c[KaplanPublishing]
246 30 ^aFour practice tests for the TOEFL, 2019-2020
246 30 ^aKaplan TOEFL, 2019-2020 :^b4 practice tests essentialpractice for the TOEFL iBT
246 30 ^aTOEFL iBT, 2019-2020
246 30 ^aTest of English as a Foreign Language, 2019-2020
246 30 ^aKaplan Test of English as a Foreign Language, 2019-2020
260    ^aNew York :^bKaplan Publishing,^c2018
300    ^a192 p. ;^c28 cm.
650  0 ^aTest of English as a Foreign Language^vStudy guides
650  0 ^aEnglish language^vTextbooks for foreign speakers
650  0 ^aEnglish language^xExaminations^vStudy guides
945    ^p0^l0^i27869
999    ^aกัณชพร จุลอักษร
รายการนี้ยังไม่มีแท็ก
คุณยังไม่ได้ล็อกอิน คุณสามารถมีกิจกรรมร่วมกับเว็บไซต์ได้ แต่ต้องล็อกอินก่อน ::
  ล็อกอิน

รายการสื่อสารสนเทศ

ลำดับที่ ประเภท เลขเรียก/บาร์โค้ด สถานที่ สถานะ
1. วิทยาศาสตร์การแพทย์ และสุขภาพ
วิทยาศาสตร์การแพทย์ และสุขภาพ
PE1128 F773 ฉ.1 
  Barcode: 27869
ห้องสมุดวิทยาเขตนครสวรรค์
►หนังสือทั่วไป:l:General Books
ถูกยืม กำหนดส่งวันที่ 23 ธันวาคม 2568
  จอง

BibComment


ยังไม่เคยถูกคอมเมนท์

คอมเมนท์ทรัพยากรรายการนี้
  คอมเมนท์: 4 Practice tests..


 Copyright 2026. Bcnsprnw @Library